000 00464nam a22001817a 4500
003 CEME
005 20210628204016.0
008 210113b xxu||||| |||| 00| 0 eng d
020 _a9780195655261
040 _cceme
082 _a330.122 SEN
100 _aSen, Amartya
_911238
245 _aDevelopment as freedom
260 _aNEW DELHI
_bOXFORD UNIVERSITY PRESS
_c2011
300 _aXIV, 366P
650 _aDEVELOPMENT AS FREEDOM.
_968225
942 _cBK
_2ddc
999 _c575848
_d575848